000 00698nam a2200205 u 4500
005 20210223131619.0
008 111031s2005 cl r 000 0 spa d
020 _a9587043014
035 _aUPN01000182373
049 _aI
050 4 _aPT2674 O7.7
_bJ8.2
100 1 _aNöstlinger, Christine,
_d1936-
_931818
245 1 0 _aJuan, Julia y Jericó /
_cChristine Nôstlinger ; il. Rafael Yockteng y David Niño ; tr. Patricia Jaramillo.
260 _aBogotá :
_bAlfaguara :
_c2005.
300 _a131 p. :
_bil. col.
440 0 _aNidos para la lectura.
_pYo leo solo
534 _pTítulo original:
_tJokei, Jula und Jericho
650 4 _aCUENTOS INFANTILES AUSTRIACOS
_912943
905 _aInfantil
999 _c154476
_d154476